| 000 | 00917nab a2200289 4500 | ||
|---|---|---|---|
| 003 | BR-BrBNA | ||
| 005 | 20241215145932.0 | ||
| 008 | 241215b bl.||||| |||| 00| 0 por d | ||
| 040 |
_aBR-BrBNA _bpor |
||
| 072 | _aF06 ; E10 ; C20 | ||
| 100 | _aRodrigues, Lineu Neiva | ||
| 245 | _aA importância da irrigação para a intensificação sustentável da agricultura | ||
| 500 | _a3 illus. | ||
| 650 | _aIRRIGAÇÃO | ||
| 650 | _aAGRICULTURA SUSTENTÁVEL | ||
| 650 | _aSEGURANÇA ALIMENTAR | ||
| 650 | _aAGRICULTURA INTENSIVA | ||
| 650 | _aSUSTENTABILIDADE | ||
| 650 | _aMANEJO | ||
| 650 | _aCAPACITAÇÃO | ||
| 650 | _aADOÇÃO DE TECNOLOGIA | ||
| 650 | _aUSO SUSTENTÁVEL DA ÁGUA | ||
| 650 | _aPRODUTIVIDADE | ||
| 773 | 0 |
_04820 _9344760 _dVotuporanga/SP IRRIGAZINE 2009 _o2024-5090 _tIrrigazine (Brazil) _gv. 11(44) p. 28-30; (Nov 2015) _wBR2024003963 |
|
| 942 | _cANA | ||
| 999 |
_c329274 _d329274 |
||